| 000 | 00932cam a2200265 a 4500 | ||
|---|---|---|---|
| 999 |
_c7576 _d7576 |
||
| 003 | OSt | ||
| 005 | 20200316114949.0 | ||
| 008 | 070518s2008 caua b 001 0 eng | ||
| 020 | _a9781412919920 (hbk.) | ||
| 040 |
_aUKM _cUKM _dYDXCP _dBAKER _dBTCTA _dNLGGC _dBWK _dPIT _dDLC |
||
| 050 | 0 | 0 |
_aH62 _b.S2758 2008 |
| 082 | 0 | 4 |
_a307.2 _222 _bPER |
| 245 | 0 | 4 |
_aThe SAGE handbook of social research methods / _cedited by Pertti Alasuutari, Leonard Bickman, Julia Brannen. |
| 246 | 3 | 0 | _aHandbook of social research methods |
| 246 | 3 | 0 | _aSocial research methods |
| 260 |
_aLos Angeles : _bSAGE, _c2008. |
||
| 300 |
_axvi, 631 p. : _bill. ; _c26 cm. |
||
| 504 | _aIncludes bibliographical references and index. | ||
| 650 | 0 |
_aSocial sciences _xResearch _xMethodology. |
|
| 700 | 1 | _aAlasuutari, Pertti. | |
| 700 | 1 |
_aBickman, Leonard, _d1941- |
|
| 700 | 1 | _aBrannen, Julia. | |
| 906 |
_a7 _bcbc _ccopycat _d2 _encip _f20 _gy-gencatlg |
||
| 942 | _2ddc | ||